<?xml version="1.0" encoding="UTF-8"?>
<record
    xmlns:xsi="http://www.w3.org/2001/XMLSchema-instance"
    xsi:schemaLocation="http://www.loc.gov/MARC21/slim http://www.loc.gov/standards/marcxml/schema/MARC21slim.xsd"
    xmlns="http://www.loc.gov/MARC21/slim">

  <leader>01417nam a2200241 a 4500</leader>
  <controlfield tag="001">47750</controlfield>
  <controlfield tag="003">BD-RjUL</controlfield>
  <controlfield tag="005">20211209054403.0</controlfield>
  <controlfield tag="008">160810s2002    bg ||||| |||| 00| 0 ben d</controlfield>
  <datafield tag="020" ind1=" " ind2=" ">
    <subfield code="c">: Tk.450.00</subfield>
  </datafield>
  <datafield tag="035" ind1=" " ind2=" ">
    <subfield code="a">(BD-RjUL)47869</subfield>
  </datafield>
  <datafield tag="040" ind1=" " ind2=" ">
    <subfield code="a">BD-RjUL</subfield>
    <subfield code="b">ben</subfield>
    <subfield code="c">BD-RjUL</subfield>
    <subfield code="d">BD-RjUL</subfield>
  </datafield>
  <datafield tag="041" ind1=" " ind2=" ">
    <subfield code="a">ben</subfield>
  </datafield>
  <datafield tag="082" ind1=" " ind2=" ">
    <subfield code="2">23</subfield>
    <subfield code="a">344.046</subfield>
    <subfield code="b">POR 2002</subfield>
  </datafield>
  <datafield tag="110" ind1=" " ind2=" ">
    <subfield code="a">&#x9AA;&#x9B0;&#x9BF;&#x9AC;&#x9C7;&#x9B6; &#x985;&#x9A7;&#x9BF;&#x9A6;&#x9AA;&#x9CD;&#x9A4;&#x9B0;</subfield>
    <subfield code="9">145022</subfield>
  </datafield>
  <datafield tag="245" ind1=" " ind2=" ">
    <subfield code="a">&#x9AA;&#x9B0;&#x9BF;&#x9AC;&#x9C7;&#x9B6; &#x986;&#x987;&#x9A8; &#x9B8;&#x982;&#x995;&#x9B2;&#x9A8; = A Compilation of environmental laws /</subfield>
    <subfield code="c">&#x9AA;&#x9B0;&#x9BF;&#x9AC;&#x9C7;&#x9B6; &#x985;&#x9A7;&#x9BF;&#x9A6;&#x9AA;&#x9CD;&#x9A4;&#x9B0;</subfield>
  </datafield>
  <datafield tag="260" ind1=" " ind2=" ">
    <subfield code="a">&#x9AA;&#x9B0;&#x9BF;&#x9AC;&#x9C7;&#x9B6; &#x985;&#x9A7;&#x9BF;&#x9A6;&#x9AA;&#x9CD;&#x9A4;&#x9B0; :</subfield>
    <subfield code="b">&#x9AC;&#x9BE;&#x982;&#x9B2;&#x9BE;&#x9A6;&#x9C7;&#x9B6; &#x98F;&#x9A8;&#x9AD;&#x9BE;&#x9AF;&#x9BC;&#x9B0;&#x9A8;&#x9AE;&#x9C7;&#x9A8;&#x9CD;&#x99F;&#x9BE;&#x9B2; &#x9AE;&#x9CD;&#x9AF;&#x9BE;&#x9A8;&#x9C7;&#x99C;&#x9AE;&#x9C7;&#x9A8;&#x9CD;&#x99F; &#x9AA;&#x9CD;&#x9B0;&#x99C;&#x9C7;&#x995;&#x9CD;&#x99F;,</subfield>
    <subfield code="c">&#x9E8;&#x9E6;&#x9E6;&#x9E8;</subfield>
  </datafield>
  <datafield tag="300" ind1=" " ind2=" ">
    <subfield code="a">x, &#x9E9;&#x9EA;&#x9EE; &#x9AA;&#x9C3;. :</subfield>
    <subfield code="b">&#x99A;&#x9BF;&#x9A4;&#x9CD;&#x9B0; ;</subfield>
    <subfield code="c">&#x9E8;&#x9EC; &#x9B8;&#x9C7;&#x9AE;&#x9BF;.</subfield>
  </datafield>
  <datafield tag="500" ind1=" " ind2=" ">
    <subfield code="a">&#x9AC;&#x9BE;&#x982;&#x9B2;&#x9BE;&#x9A6;&#x9C7;&#x9B6; &#x9AA;&#x9B0;&#x9BF;&#x9AC;&#x9C7;&#x9B6; &#x9B8;&#x982;&#x9B0;&#x995;&#x9CD;&#x9B7;&#x9A3; &#x986;&#x987;&#x9A8;, &#x9E7;&#x9EF;&#x9EF;&#x9EB; &#x98F;&#x9AC;&#x982; &#x9AA;&#x9B0;&#x9BF;&#x9AC;&#x9C7;&#x9B6; &#x985;&#x9A7;&#x9BF;&#x9A6;&#x9AA;&#x9CD;&#x9A4;&#x9B0; &#x995;&#x9B0;&#x9CD;&#x9A4;&#x9C3;&#x995; &#x9AA;&#x9CD;&#x9B0;&#x9AF;&#x9BC;&#x9CB;&#x997;&#x9AF;&#x9CB;&#x997;&#x9CD;&#x9AF; &#x985;&#x9A8;&#x9CD;&#x9AF;&#x9BE;&#x9A8;&#x9CD;&#x9AF; &#x986;&#x987;&#x9A8;, &#x9AC;&#x9BF;&#x9A7;&#x9BF;&#x9AE;&#x9BE;&#x9B2;&#x9BE;,&#x9AA;&#x9CD;&#x9B0;&#x99C;&#x9CD;&#x99E;&#x9BE;&#x9AA;&#x9A8; &#x987;&#x9A4;&#x9CD;&#x9AF;&#x9BE;&#x9A6;&#x9BF;&#x9B0; &#x9B8;&#x982;&#x995;&#x9B2;&#x9A8; (&#x9E9;&#x9E6;-&#x9E7;&#x9E7;-&#x9E8;&#x9E6;&#x9E6;&#x9E8; &#x987;&#x982; &#x9AA;&#x9B0;&#x9CD;&#x9AF;&#x9A8;&#x9CD;&#x9A4; &#x9B8;&#x982;&#x9B6;&#x9CB;&#x9A7;&#x9BF;&#x9A4;&#x9B0;&#x9C1;&#x9AA;&#x9C7;)</subfield>
  </datafield>
  <datafield tag="650" ind1=" " ind2=" ">
    <subfield code="a">&#x9AA;&#x9B0;&#x9BF;&#x9AC;&#x9C7;&#x9B6; &#x9B0;&#x995;&#x9CD;&#x9B7;&#x9BE;</subfield>
    <subfield code="9">145023</subfield>
  </datafield>
  <datafield tag="650" ind1=" " ind2=" ">
    <subfield code="a">Environmental Protection</subfield>
    <subfield code="9">134201</subfield>
  </datafield>
  <datafield tag="942" ind1=" " ind2=" ">
    <subfield code="2">ddc</subfield>
    <subfield code="c">BK</subfield>
    <subfield code="0">1</subfield>
  </datafield>
  <datafield tag="999" ind1=" " ind2=" ">
    <subfield code="c">47750</subfield>
    <subfield code="d">47750</subfield>
  </datafield>
  <datafield tag="952" ind1=" " ind2=" ">
    <subfield code="0">0</subfield>
    <subfield code="1">0</subfield>
    <subfield code="2">ddc</subfield>
    <subfield code="4">0</subfield>
    <subfield code="7">0</subfield>
    <subfield code="8">NFIC</subfield>
    <subfield code="a">RUCL</subfield>
    <subfield code="b">RUCL</subfield>
    <subfield code="c">Stack</subfield>
    <subfield code="d">2003-08-10</subfield>
    <subfield code="e">Gift</subfield>
    <subfield code="l">0</subfield>
    <subfield code="o">B 344.046 POR 2002</subfield>
    <subfield code="r">2016-08-10 00:00:00</subfield>
    <subfield code="t">C-2</subfield>
    <subfield code="w">2016-08-10</subfield>
    <subfield code="y">BK</subfield>
  </datafield>
  <datafield tag="952" ind1=" " ind2=" ">
    <subfield code="0">0</subfield>
    <subfield code="1">0</subfield>
    <subfield code="2">ddc</subfield>
    <subfield code="4">0</subfield>
    <subfield code="7">0</subfield>
    <subfield code="8">NFIC</subfield>
    <subfield code="a">RUCL</subfield>
    <subfield code="b">RUCL</subfield>
    <subfield code="c">Stack</subfield>
    <subfield code="d">2003-08-10</subfield>
    <subfield code="e">Gift</subfield>
    <subfield code="l">0</subfield>
    <subfield code="o">B 344.046 POR 2002</subfield>
    <subfield code="r">2016-08-10 00:00:00</subfield>
    <subfield code="t">C-3</subfield>
    <subfield code="w">2016-08-10</subfield>
    <subfield code="y">BK</subfield>
  </datafield>
  <datafield tag="952" ind1=" " ind2=" ">
    <subfield code="0">0</subfield>
    <subfield code="1">0</subfield>
    <subfield code="2">ddc</subfield>
    <subfield code="4">0</subfield>
    <subfield code="7">0</subfield>
    <subfield code="8">NFIC</subfield>
    <subfield code="a">RUCL</subfield>
    <subfield code="b">RUCL</subfield>
    <subfield code="c">Stack</subfield>
    <subfield code="d">2003-08-10</subfield>
    <subfield code="e">Gift</subfield>
    <subfield code="l">0</subfield>
    <subfield code="o">B 344.046 POR 2002</subfield>
    <subfield code="r">2016-08-10 00:00:00</subfield>
    <subfield code="t">C-4</subfield>
    <subfield code="w">2016-08-10</subfield>
    <subfield code="y">BK</subfield>
  </datafield>
  <datafield tag="952" ind1=" " ind2=" ">
    <subfield code="0">0</subfield>
    <subfield code="1">0</subfield>
    <subfield code="2">ddc</subfield>
    <subfield code="4">0</subfield>
    <subfield code="7">0</subfield>
    <subfield code="8">NFIC</subfield>
    <subfield code="a">RUCL</subfield>
    <subfield code="b">RUCL</subfield>
    <subfield code="c">Stack</subfield>
    <subfield code="d">2003-08-10</subfield>
    <subfield code="e">Gift</subfield>
    <subfield code="l">0</subfield>
    <subfield code="o">B 344.046 POR 2002</subfield>
    <subfield code="r">2016-08-10 00:00:00</subfield>
    <subfield code="t">C-5</subfield>
    <subfield code="w">2016-08-10</subfield>
    <subfield code="y">BK</subfield>
  </datafield>
  <datafield tag="952" ind1=" " ind2=" ">
    <subfield code="0">0</subfield>
    <subfield code="1">0</subfield>
    <subfield code="2">ddc</subfield>
    <subfield code="4">0</subfield>
    <subfield code="7">0</subfield>
    <subfield code="8">NFIC</subfield>
    <subfield code="a">RUCL</subfield>
    <subfield code="b">RUCL</subfield>
    <subfield code="c">Stack</subfield>
    <subfield code="d">2003-08-10</subfield>
    <subfield code="e">Gift</subfield>
    <subfield code="l">2</subfield>
    <subfield code="o">B 344.046 POR 2002</subfield>
    <subfield code="r">2023-07-12 00:00:00</subfield>
    <subfield code="s">2023-07-09</subfield>
    <subfield code="t">C-6</subfield>
    <subfield code="w">2016-08-10</subfield>
    <subfield code="y">BK</subfield>
  </datafield>
  <datafield tag="952" ind1=" " ind2=" ">
    <subfield code="0">0</subfield>
    <subfield code="1">0</subfield>
    <subfield code="2">ddc</subfield>
    <subfield code="4">0</subfield>
    <subfield code="7">1</subfield>
    <subfield code="8">NFIC</subfield>
    <subfield code="a">RUCL</subfield>
    <subfield code="b">RUCL</subfield>
    <subfield code="c">Reading</subfield>
    <subfield code="d">2003-08-10</subfield>
    <subfield code="l">0</subfield>
    <subfield code="o">B 344.046 POR 2002</subfield>
    <subfield code="r">2016-12-29 00:00:00</subfield>
    <subfield code="t">C-1</subfield>
    <subfield code="w">2016-12-29</subfield>
    <subfield code="y">BK</subfield>
  </datafield>
</record>
